| 000 | 01670pam a2200445 a 4500 | ||
|---|---|---|---|
| 001 | 2976455 | ||
| 003 | OSt | ||
| 005 | 20140310182649.0 | ||
| 008 | 920310s1992 dcua b 101 0 eng c | ||
| 010 | _a 92010497 | ||
| 020 |
_a1557981752 : _c$35.00 ($29.50 to members) |
||
| 040 |
_aDNLM/DLC _cDLC _dDLC |
||
| 050 | 0 | 0 |
_aRC 967.5 _b.St915 1992 |
| 082 | 0 | 0 |
_aM 158.7 _220 _bSt8 1992 |
| 245 | 0 | 0 |
_aStress & well-being at work _bassessments and interventions for occupational mental health _cedited by Quick, James Campbell |
| 250 | _a1st ed. | ||
| 260 |
_aWashington, DC _bAmerican Psychological Association _cc1992 |
||
| 300 |
_ax, 372 p. _bill. _c26 cm. |
||
| 500 | _aCompanion v. to: Work and well-being / edited by Gwendolyn Puryear Keita, and Steven L. Sauter. 1992. | ||
| 504 | _aIncludes bibliographical references and index. | ||
| 521 | _aCollege Students | ||
| 526 | _c1210L to 1700L | ||
| 541 | _j1 | ||
| 562 | _eFor Circulation. 1 copy in the collection | ||
| 650 | 0 |
_aIndustrial psychiatry _xCongresses. |
|
| 650 | 0 |
_aJob stress _xCongresses. |
|
| 650 | 2 |
_aOccupational Diseases _xprevention & control _xcongresses. |
|
| 650 | 2 |
_aOccupational Health Services _xCongresses. |
|
| 650 | 2 | _aPsychology, Industrial. | |
| 650 | 2 |
_aStress, Psychological _xprevention & control _xcongresses. |
|
| 650 | 2 |
_aWork _xpsychology _xcongresses. |
|
| 700 | 1 | _aQuick, James C. | |
| 700 | 1 | _aMurphy, Lawrence R. | |
| 700 | 1 | _aHurrell, Joseph J. | |
| 730 | 0 | _aWork and well-being. | |
| 740 | 0 | _aStress and well-being at work. | |
| 906 |
_a7 _bcbc _corignew _d1 _eocip _f19 _gy-gencatlg |
||
| 942 |
_2lcc _cBK _kM |
||
| 999 |
_c15094 _d15094 |
||